Tulasīdāsa: (Record no. 73110)

MARC details
000 -LEADER
fixed length control field 00658cam a22002291 4500
001 - CONTROL NUMBER
control field sa 67002195
003 - CONTROL NUMBER IDENTIFIER
control field DLC
005 - DATE AND TIME OF LATEST TRANSACTION
control field 20260227112329.0
008 - FIXED-LENGTH DATA ELEMENTS--GENERAL INFORMATION
fixed length control field 891214s1965 ii b 000 0 hino
010 ## - LIBRARY OF CONGRESS CONTROL NUMBER
LC control number sa 67002195
035 ## - SYSTEM CONTROL NUMBER
System control number (OCoLC)20784645
040 ## - CATALOGING SOURCE
Original cataloging agency DLC
Transcribing agency WaU
Modifying agency NRU
-- DLC
050 00 - LIBRARY OF CONGRESS CALL NUMBER
Classification number PK2095.T8
Item number Z75 1965
100 1# - MAIN ENTRY--PERSONAL NAME
Personal name Madan, Indar Nath.
245 10 - TITLE STATEMENT
Title Tulasīdāsa:
Remainder of title cintana aura kalā.
Statement of responsibility, etc. Sampādana: Indranātha Madāna.
250 ## - EDITION STATEMENT
Edition statement [2. nayā saṃskaraṇa]
260 ## - PUBLICATION, DISTRIBUTION, ETC.
Place of publication, distribution, etc. Dillī,
Name of publisher, distributor, etc. Rājapāla
Date of publication, distribution, etc. [1965]
300 ## - PHYSICAL DESCRIPTION
Extent 297 p.
Dimensions 19 cm.
546 ## - LANGUAGE NOTE
Language note In Hindi.
504 ## - BIBLIOGRAPHY, ETC. NOTE
Bibliography, etc. note Bibliographical footnotes.
600 00 - SUBJECT ADDED ENTRY--PERSONAL NAME
Personal name Tulasīdāsa,
Dates associated with a name 1532-1623.

No items available.

Powered by Koha